| 000 | 00600nam a22001817a 4500 | ||
|---|---|---|---|
| 005 | 20111005152551.0 | ||
| 010 | _aG-001707 | ||
| 020 |
_c$ 16.95 _a9788176932974 |
||
| 035 | 1 | d | _aG-001707 |
| 037 | _bGift | ||
| 082 | _aS | ||
| 245 |
_aRead it yourself: _bfavourite stories for young children |
||
| 260 |
_aBelgium _bKids Books _c(201?) |
||
| 300 |
_a95p. _c26cm(Hb) _bcol. ill. |
||
| 942 |
_2ddc _cCH _hS _mRED |
||
| 999 |
_c57319 _d57319 |
||